Клиент-серверное приложение для обработки и хранения метеорологических сводок по аэродрому; Молодежь и современные информационные технологии; Т. 1

التفاصيل البيبلوغرافية
Parent link:Молодежь и современные информационные технологии: сборник трудов XIII Международной научно-практической конференции студентов, аспирантов и молодых ученых, г. Томск, 9-13 ноября 2015 г./ Национальный исследовательский Томский политехнический университет (ТПУ), Институт кибернетики (ИК) ; под ред. Т. Е. Мамоновой [и др.].— , 2016
Т. 1.— 2016.— [С. 46-47]
المؤلف الرئيسي: Козловский В. А.
مؤلف مشترك: Национальный исследовательский Томский политехнический университет (ТПУ) Институт кибернетики (ИК) Кафедра информатики и проектирования систем (ИПС)
مؤلفون آخرون: Попов В. Н. Владимир Николаевич (научный руководитель), Ботыгин И. А. Игорь Александрович
الملخص:Заглавие с титульного экрана
اللغة:الروسية
منشور في: 2016
سلاسل:Микропроцессорные системы, компьютерные сети и телекоммуникации
الموضوعات:
الوصول للمادة أونلاين:http://earchive.tpu.ru/handle/11683/16989
التنسيق: MixedMaterials الكتروني فصل الكتاب
KOHA link:https://koha.lib.tpu.ru/cgi-bin/koha/opac-detail.pl?biblionumber=617526

MARC

LEADER 00000naa2a2200000 4500
001 617526
005 20231101132950.0
035 |a (RuTPU)RU\TPU\conf\15839 
035 |a RU\TPU\conf\15838 
090 |a 617526 
100 |a 20160315d2016 k y0rusy50 ca 
101 0 |a rus  |g rus 
102 |a RU 
105 |a y z 101zy 
135 |a drcn ---uucaa 
181 0 |a i  
182 0 |a b 
200 1 |a Клиент-серверное приложение для обработки и хранения метеорологических сводок по аэродрому  |f В. А. Козловский, В. Н. Попов  |g науч. рук. И. А. Ботыгин 
203 |a Текст  |c электронный 
225 1 |a Микропроцессорные системы, компьютерные сети и телекоммуникации 
230 |a 1 компьютерный файл (pdf; 443 Кb) 
300 |a Заглавие с титульного экрана 
320 |a [Библиогр.: с. 47 (4 назв.)] 
337 |a Adobe Reader 
461 1 |0 (RuTPU)RU\TPU\conf\15701  |t Молодежь и современные информационные технологии  |o сборник трудов XIII Международной научно-практической конференции студентов, аспирантов и молодых ученых, г. Томск, 9-13 ноября 2015 г.  |o в 2 т.  |f Национальный исследовательский Томский политехнический университет (ТПУ), Институт кибернетики (ИК) ; под ред. Т. Е. Мамоновой [и др.]  |d 2016 
463 0 |0 (RuTPU)RU\TPU\conf\15703  |t Т. 1  |v [С. 46-47]  |d 2016 
610 1 |a труды учёных ТПУ 
610 1 |a электронный ресурс 
610 1 |a клиент-серверные приложения 
610 1 |a обработка 
610 1 |a хранение 
610 1 |a аэродромы 
610 1 |a метеорология 
700 1 |a Козловский  |b В. А. 
701 1 |a Попов  |b В. Н.  |c специалист в области информатики и вычислительной техники  |c доцент Томского политехнического университета, кандидат технических наук  |f 1978-  |g Владимир Николаевич  |2 stltpush  |3 (RuTPU)RU\TPU\pers\26856 
702 1 |a Ботыгин  |b И. А.  |c специалист в области информатики и вычислительной техники  |c доцент Томского политехнического университета, кандидат технических наук  |f 1947-  |g Игорь Александрович  |2 stltpush  |4 727 
712 0 2 |a Национальный исследовательский Томский политехнический университет (ТПУ)  |b Институт кибернетики (ИК)  |b Кафедра информатики и проектирования систем (ИПС)  |h 124  |2 stltpush  |3 (RuTPU)RU\TPU\col\18697 
801 2 |a RU  |b 63413507  |c 20160404  |g RCR 
856 4 |u http://earchive.tpu.ru/handle/11683/16989 
942 |c BK